Statistics for Beyoncé - VIRGO'S GROOVE (Lyrics)

Click here to take the quiz!

General Stats

  • This quiz has been taken 40 times
  • The average score is 405 of 500

Answer Stats

Answer% Correct
A
100%
Refrain:(I
97%
I
97%
to
97%
To
97%
all
93%
All
93%
baby
93%
baby,
93%
(Baby,
93%
Post-chorus: | Pre-Chorus:Baby,
93%
Come
93%
come
93%
Interlude:
You
93%
do
93%
Don't
93%
don't
93%
He
93%
me?)
93%
me,
93%
me)
93%
me
93%
over
93%
ride,
93%
ride)
93%
So
93%
so
93%
the
93%
this
93%
this,
93%
tonight
93%
tonight,
93%
you
93%
you,
93%
Bridge:You
93%
you)
93%
be
90%
can
90%
high
90%
high)
90%
hit
90%
in
90%
it
90%
no
90%
(On
90%
on
90%
On
90%
Chorus:Right
90%
right
90%
scared
90%
there)
90%
there
90%
these
90%
with
90%
alone
87%
emotions
87%
Go
87%
here,
87%
love
87%
(Love
87%
Love
87%
magic
87%
my
87%
now
87%
only
87%
that
87%
That
87%
when
87%
night
83%
Of
83%
of
83%
one
83%
take
83%
use
83%
want
83%
Yeah,
83%
yeah(x3)
83%
Your
83%
get
80%
gonna
80%
It's
80%
Kiss
80%
life,
80%
life
80%
need
80%
shit
80%
up,
80%
up
80%
And,
77%
and
77%
And
77%
takes
77%
time
77%
(Touch
77%
touch
77%
Touch
77%
We
77%
we
77%
got
73%
hands
73%
like
73%
much
73%
Oh,
73%
oh
73%
somebody
73%
somebody,
73%
you're
73%
You're
73%
ain't
70%
are
70%
as
70%
'Cause
70%
'cause
70%
dance
70%
ever
70%
keep
70%
leave
70%
let
70%
nothin'
70%
see
70%
Slow-mo
70%
Verse 1:There's
70%
used
70%
washin'
70%
back
67%
bruise
67%
couch
67%
down
67%
feel
67%
scream
67%
Taste
67%
those
67%
trust
67%
around
63%
beat
63%
blouse
63%
boy
63%
But
63%
grind
63%
keeps
63%
light
63%
more
63%
shine
63%
strong
63%
they
63%
through
63%
told
63%
body
60%
Bring
60%
bring
60%
cut
60%
grippin'
60%
lock
60%
nice
60%
psychic
60%
still
60%
Talk
60%
ties
60%
loud,
57%
make
57%
part
57%
switch
57%
why
57%
ahead
53%
comin'
53%
curse
53%
excuse
53%
fleshy
53%
long
53%
lose
53%
spin
53%
warm
53%
where
53%
Everybody
50%
out
50%
please
50%
stars
50%
That's
50%
gives
47%
Cuddled
43%
ecstasy
43%
how
43%
Pursue
43%
bite
40%
Iced
40%
inside
40%
lovin'
40%
Motorboat,
40%
pride
40%
Good
37%
hug
37%
move
37%
show
37%
lord,
30%
nudity
30%
If
27%
uh
27%
(Will
27%
throb,
20%
ooh-wee(x2)
7%

Score Distribution

Percentile by Number Answered

Percent of People with Each Score

Your Score History

You have not taken this quiz